[Event "52nd ch-BUL w"]
[Site "Sofia BUL"]
[Date "2003.03.01"]
[Round "9"]
[White "Velcheva,M"]
[Black "Jovkova Draganova,P"]
[Result "1/2-1/2"]
[WhiteElo "2255"]
[BlackElo "2046"]

1.e4 d5 2.exd5 Qxd5 3.Nc3 Qd8 4.d4 c6 5.Nf3 Bf5 6.Ne5 Nf6 7.Bc4 e6 8.g4 Be4
9.Nxe4 Nxe4 10.Qf3 Nd6 11.Bd3 Qa5+ 12.Bd2 Qd5 13.c4 Qxf3 14.Nxf3 Nd7 15.b4 Nf6
16.g5 Nd7 17.O-O g6 18.Rae1 O-O-O 19.a4 Bg7 20.Rc1 Nf5 21.Be3 h6 22.gxh6 Bxh6
23.Bxh6 Rxh6 24.Rfd1 Rdh8 25.Bf1 g5 26.h3 Nh4 27.Nxh4 Rxh4 28.Bg2 g4 29.hxg4 Rxg4
30.f3 Rg3 31.Kf2 Rhg8 32.Bf1 Nf6 33.d5 e5 34.dxc6 bxc6 35.Rd6 R3g6 36.Rxc6+ Kb7
37.Rc5 e4 38.Rf5 exf3 39.c5 Ng4+ 40.Kxf3 Nh6 41.Re5 Rf6+ 42.Ke2 Nf5 43.Kd3 Rg3+
44.Ke4 Rg4+ 45.Kd3 Rg3+ 46.Kd2 Nd4 47.Re7+ Kb8 48.Bc4 Rf2+ 49.Ke1 Rh2 50.Rxf7 Nf3+
51.Rxf3 Rxf3 52.c6 Rf4 53.Bd5 Kc7 54.Rb1 Rd4 55.Bf3 Rd3 56.Be2 Re3 57.Rb2 Kxc6
58.Kf1 Kd6 59.a5 a6 60.Rd2+ Ke5 61.Rc2 Kd4 62.Rc4+ Kd5 63.Rc2 Rexe2 64.Rxe2 Rxe2
65.Kxe2  1/2-1/2

[Event "ch-Serbia"]
[Site "Dimitrovgrad YUG"]
[Date "2003.03.02"]
[Round "3"]
[White "Pavlovic,SD"]
[Black "Benkovic,P"]
[Result "0-1"]
[WhiteElo "2379"]
[BlackElo "2469"]

1.e4 d5 2.exd5 Qxd5 3.Nc3 Qd6 4.d4 Nf6 5.Bc4 a6 6.Bb3 e6 7.Nge2 b5 8.Bf4 Qd7
9.d5 c5 10.dxc6 Qxc6 11.a4 b4 12.a5 Qxg2 13.Rg1 Qf3 14.Na4 Nc6 15.Rg3 Qh1+
16.Rg1 Qf3 17.Nb6 Bc5 18.Nxa8 O-O 19.Bg3 Ne4 20.Rf1 Rd8 21.Qc1 Nd2 22.Qxd2 Rxd2
23.Kxd2 e5 24.Nb6 Bg4 25.Ng1 Qf6 26.Nd5 Qd6 27.Rae1 Be6 28.Kc1 Bxd5 29.Ba4 b3
30.f4 e4 31.Ne2 Be3+ 32.Kb1 Bd2 33.Rd1 e3 34.f5 Qb4 35.Rf4 bxc2+ 36.Bxc2 Qxa5
37.Ra4 Qb6 38.Nf4 Bf3 39.Rf1 Ne5 40.Ra3 Bc6 41.Rb3 Bb5 42.Rd1 f6 43.Nd5 Qc5
44.Nc3 Nc4 45.Ka2 h5 46.Be4 Kh7 47.Ka1 Qb4 48.Ra3 Nd6 49.Bc2 Ne4 50.Rb3 Qa5+
51.Kb1 Bd7 52.Nxe4 Ba4 53.Rb7 Bxc2+ 54.Kxc2 Qxf5 55.Kd3 Qd5+  0-1

[Event "69th ch-BLR"]
[Site "Minsk BLR"]
[Date "2003.03.02"]
[Round "3"]
[White "Azarov,S"]
[Black "Alekseev,V BLR"]
[Result "1-0"]
[WhiteElo "2530"]
[BlackElo "2409"]

1.e4 d5 2.exd5 Qxd5 3.Nc3 Qd6 4.d4 Nf6 5.Nf3 a6 6.Bc4 e6 7.a4 Nbd7 8.O-O c5
9.Re1 Be7 10.b3 cxd4 11.Ba3 Qc7 12.Bxe7 Kxe7 13.Qxd4 Rd8 14.a5 Qc5 15.Qf4 b5
16.Ne4 Nxe4 17.Qxe4 Rb8 18.Bxe6 Nf6 19.Qf5 Qxf5 20.Bxf5+ Kf8 21.Bd3 Bb7 22.Ne5 Rbc8
23.Rad1 Rc3 24.f3 g6 25.Kf2 Rdc8 26.g4 R8c7 27.g5 Nh5 28.Ke3 f6 29.gxf6 Nxf6
30.Kd2 Nd5 31.Re4 R3c5 32.Rd4 Kg7 33.Re1 Nc3  1-0

[Event "ch-Serbia"]
[Site "Dimitrovgrad YUG"]
[Date "2003.03.03"]
[Round "4"]
[White "Brenjo,S"]
[Black "Vojinovic,G"]
[Result "1/2-1/2"]
[WhiteElo "2427"]
[BlackElo "2474"]

1.e4 d5 2.exd5 Qxd5 3.Nc3 Qd8 4.d4 Nf6 5.Bc4 c6 6.Nf3 b5 7.Bb3 e6 8.O-O Be7
9.Re1 O-O 10.Bg5 a5 11.a3 Nbd7 12.Ne2 c5 13.c3 Bb7 14.Nf4 c4 15.Bc2 Nd5 16.Bxe7 Qxe7
17.Be4 N7f6 18.Nxd5 Bxd5 19.Bxd5 Nxd5 20.Ne5 b4 21.cxb4 axb4 22.Nxc4 bxa3
23.bxa3 Rfc8 24.Rc1 Qa7 25.g3 Qa6 26.Qd3 g6 27.Qf1 Rc6 28.Ne3 Rxc1 29.Rxc1 Nxe3
30.Qxa6 Rxa6 31.fxe3 Rxa3 32.Re1 Ra2 33.h4  1/2-1/2

[Event "Jch-RUS b20"]
[Site "Essentuki RUS"]
[Date "2003.03.03"]
[Round "2"]
[White "Eraschenkov,D"]
[Black "Rodchenkov,V"]
[Result "1/2-1/2"]
[WhiteElo "2400"]
[BlackElo "2417"]

1.e4 d5 2.exd5 Qxd5 3.Nc3 Qd6 4.d4 Nf6 5.Nf3 a6 6.Be3 b5 7.Bd3 Bb7 8.Qe2 Nbd7
9.O-O e6 10.Nd2 Be7 11.f4 c5 12.Nde4 Nxe4 13.Nxe4 Qc6 14.Nxc5 Nxc5 15.dxc5 Bxc5
16.Bxc5 Qxc5+ 17.Qf2 Qxf2+ 18.Rxf2 Ke7 19.a4 Bc6 20.axb5 axb5 21.Rff1 b4
22.Kf2 Kd6 23.g3 Kc5 24.Ke3 h6 25.f5 Bg2 26.Rxa8 Rxa8 27.Rf2 Bd5 28.fxe6 Bxe6
29.Rf4 Ra1 30.Rf1 Ra7 31.Rf4  1/2-1/2

[Event "Spring Festival GM"]
[Site "Bucharest ROM"]
[Date "2003.03.05"]
[Round "3"]
[White "Parligras,M"]
[Black "Moldovan,D"]
[Result "1/2-1/2"]
[WhiteElo "2497"]
[BlackElo "2447"]

1.e4 d5 2.exd5 Qxd5 3.Nc3 Qd6 4.d4 Nf6 5.Bc4 a6 6.Bb3 Nc6 7.Nge2 e5 8.Be3 exd4
9.Nxd4 Bg4 10.f3 O-O-O 11.Nce2 Nxd4 12.Qxd4 Qxd4 13.Bxd4 Be6 14.Bxe6+ fxe6
15.O-O-O Bd6 16.Rhe1 Rhe8 17.c4 e5 18.Bg1 e4 19.fxe4  1/2-1/2

[Event "ch-Serbia"]
[Site "Dimitrovgrad YUG"]
[Date "2003.03.05"]
[Round "6"]
[White "Pap,M"]
[Black "Markovic,ZS"]
[Result "1-0"]
[WhiteElo "2407"]
[BlackElo "2408"]

1.e4 d5 2.exd5 Qxd5 3.Nc3 Qd8 4.d4 Nf6 5.Bg5 c6 6.Nf3 Bf5 7.Ne5 Nbd7 8.Qf3 Bxc2
9.Bc4 e6 10.Qe2 Bg6 11.h4 Bb4 12.Kf1 Bxc3 13.bxc3 Qa5 14.Nxd7 Kxd7 15.Bxf6 gxf6
16.h5 Bf5 17.Qf3 Rhg8 18.Rh4 Bc2 19.Rc1 Qg5 20.Rf4 Bf5 21.Re1 Rae8 22.d5 Kc7
23.dxc6 bxc6  1-0

[Event "69th ch-BLR"]
[Site "Minsk BLR"]
[Date "2003.03.06"]
[Round "7"]
[White "Novitzkij,D"]
[Black "Alekseev,V BLR"]
[Result "1/2-1/2"]
[WhiteElo "2384"]
[BlackElo "2409"]

1.e4 d5 2.exd5 Qxd5 3.Nc3 Qd6 4.d4 Nf6 5.Nf3 a6 6.a4 Nc6 7.h3 Bf5 8.Bc4 e6
9.O-O Rd8 10.Be3 Qb4 11.Bb3 Be7 12.Qe2  1/2-1/2

[Event "ch-Serbia"]
[Site "Dimitrovgrad YUG"]
[Date "2003.03.07"]
[Round "8"]
[White "Ristic,Neb1"]
[Black "Markovic,Milo"]
[Result "1-0"]
[WhiteElo "2382"]
[BlackElo "2321"]

1.e4 d5 2.exd5 Qxd5 3.Nc3 Qd8 4.Bc4 e6 5.d4 c6 6.Nf3 Nf6 7.O-O Be7 8.Re1 O-O
9.Bg5 Nbd7 10.Qe2 Nb6 11.Bd3 Nbd5 12.Nxd5 cxd5 13.c3 Bd7 14.Ne5 Bc6 15.Qf3 h6
16.Bd2 Nd7 17.Qh3 Nxe5 18.Rxe5 Bd7 19.Bxh6 gxh6 20.Qxh6  1-0

[Event "ch-Serbia"]
[Site "Dimitrovgrad YUG"]
[Date "2003.03.07"]
[Round "8"]
[White "Pap,M"]
[Black "Benkovic,P"]
[Result "0-1"]
[WhiteElo "2407"]
[BlackElo "2469"]

1.e4 d5 2.exd5 Qxd5 3.Nc3 Qd6 4.d4 Nf6 5.Nf3 a6 6.Be3 Bf5 7.Ne5 Nc6 8.Nxc6 Qxc6
9.Be2 e6 10.O-O Bd6 11.Bf3 Nd5 12.Rc1 b5 13.Nxd5 exd5 14.c4 bxc4 15.b3 c3
16.Bd2 c2 17.Qe2+ Kf8 18.Bg4 Be4 19.Bf3 Bg6 20.Rfe1 h5 21.Qe3 Ba3 22.h4 f6
23.Qf4 Bd6 24.Re5 Bf7 25.Rce1 fxe5 26.dxe5 Re8 27.exd6 Rxe1+ 28.Kh2 c1=Q
29.d7 Ke7 30.Bb4+ Kd8 31.Qxf7 Rh1+ 32.Kg3 Qf6 33.Be7+ Qxe7 34.Qf5 Qd6+  0-1

[Event "Jch-RUS g20"]
[Site "Essentuki RUS"]
[Date "2003.03.08"]
[Round "6"]
[White "Berdychevaskaya,N"]
[Black "Korbut,E"]
[Result "0-1"]
[WhiteElo "2231"]
[BlackElo "2312"]

1.e4 d5 2.exd5 Qxd5 3.Nc3 Qd6 4.d4 Nf6 5.Nf3 a6 6.Bd3 Bg4 7.h3 Bh5 8.Ne4 Qb6
9.Ng3 Bg6 10.O-O e6 11.Ne5 c5 12.Be3 cxd4 13.Bxd4 Qc7 14.f4 Bc5 15.Bxc5 Qxc5+
16.Kh2 O-O 17.Qf3 Qc7 18.Rae1 Nbd7 19.Nxd7 Nxd7 20.f5 exf5 21.Bxf5 Ne5 22.Qf4 f6
23.Kh1 Bxf5 24.Nxf5 Rfe8 25.Qg3 Kh8 26.Re2 Rad8 27.Rfe1 Qd7 28.Qf2 Kg8 29.Kg1 Re6
30.Qf4 Rc6 31.Ne3 b5 32.Rd1 Rd6 33.Rxd6 Qxd6 34.Qe4 Qb6 35.Kh2 Rd4 36.Qa8+ Kf7
37.Nd5 Qd6 38.Qa7+ Nd7+  0-1

[Event "69th ch-BLR"]
[Site "Minsk BLR"]
[Date "2003.03.08"]
[Round "9"]
[White "Zhigalko,S"]
[Black "Alekseev,V BLR"]
[Result "1-0"]
[WhiteElo "2293"]
[BlackElo "2409"]

1.e4 d5 2.exd5 Qxd5 3.Nc3 Qd6 4.d4 Nf6 5.Nf3 a6 6.Bd3 Bg4 7.h3 Bh5 8.Ne4 Nxe4
9.Bxe4 Bg6 10.Qe2 Nc6 11.O-O O-O-O 12.c3 Bxe4 13.Qxe4 e6 14.Re1 Be7 15.Ng5 Bxg5
16.Bxg5 Rd7 17.Bh4 Qd5 18.Qg4 Rg8 19.Bg3 h5 20.Qh4 Rh8 21.Qf4 Rh6 22.h4 Rf6
23.Qe3 Ne7 24.Qd3 Qf5 25.Qd1 Qg4 26.Qxg4 hxg4 27.Re4 Rg6 28.Bf4 Rd5 29.Rae1 Rh5
30.Bg5 Kd7 31.g3 c6 32.c4 Nf5 33.b3 Rh8 34.Kg2 b5 35.d5 cxd5 36.cxd5 exd5
37.Re5 Re6 38.Rxd5+ Nd6 39.Red1 Kc6 40.Bf4 Ne4 41.Rd7 g5 42.hxg5 Rg6 43.b4 Nxg5
44.R1d6+ Rxd6 45.Rxd6+  1-0

[Event "Victor Ciocaltea Mem"]
[Site "Bucharest ROM"]
[Date "2003.03.09"]
[Round "6"]
[White "Vajda,L"]
[Black "Czebe,A"]
[Result "1/2-1/2"]
[WhiteElo "2576"]
[BlackElo "2466"]

1.e4 d5 2.exd5 Qxd5 3.Nc3 Qd6 4.d4 a6 5.Nf3 Bg4 6.Be2 Nc6 7.d5 Bxf3 8.Bxf3 Ne5
9.Be2 Nf6 10.O-O O-O-O 11.Bf4  1/2-1/2

[Event "Bundesliga 2002-3"]
[Site "Cologne GER"]
[Date "2003.03.09"]
[Round "13"]
[White "Joachim,S"]
[Black "Muse,D"]
[Result "1/2-1/2"]
[WhiteElo "2471"]
[BlackElo "2442"]

1.e4 d5 2.exd5 Qxd5 3.Nc3 Qd6 4.g3 Nc6 5.Bg2 Nf6 6.Nge2 e5 7.d3 a6 8.h3 Be7
9.Be3 O-O 10.O-O Be6 11.f4 Nd5 12.Nxd5 Bxd5 13.Bxd5 Qxd5 14.Nc3 Qa5 15.f5 Bc5
16.Bxc5 Qxc5+ 17.Rf2 f6 18.Ne4 Qb6 19.c3 Rad8 20.Qf3 Ne7 21.b4 Rd5 22.Rd1 Qc6
23.c4 Rd4 24.Nc5 Rb8 25.Qxc6 Nxc6 26.a3 Kf7 27.Kf1 Rd6 28.Ne4 Rdd8 29.Ke2 b6
30.Ke3 Nd4 31.g4 h6 32.h4  1/2-1/2

[Event "36th Ladies GM"]
[Site "Belgrade YUG"]
[Date "2003.03.12"]
[Round "8"]
[White "Jicman,L"]
[Black "Chelushkina,I"]
[Result "1-0"]
[WhiteElo "2256"]
[BlackElo "2366"]

1.e4 d5 2.exd5 Qxd5 3.Nc3 Qd8 4.d4 Nf6 5.Bc4 g6 6.Nf3 Bg7 7.O-O O-O 8.h3 Nbd7
9.Be3 c6 10.Qd2 Nb6 11.Bb3 a5 12.a4 Nbd5 13.Nxd5 cxd5 14.Bh6 Ne4 15.Qe3 e6
16.Bxg7 Kxg7 17.c4 dxc4 18.Qxe4 cxb3 19.Rfc1 Bd7 20.Qxb7 Rb8 21.Qe4 Rb4 22.Qe5+ f6
23.Qe3 Rf7 24.Rc5 Qb6 25.Nd2 Bxa4 26.Nc4 Qd8 27.Qxe6 Re7 28.Qg4 Bb5 29.Ne3 Bd7
30.Qd1 Re4 31.Qf3 Rexd4 32.Raxa5 Ra4 33.Rxa4 Rxa4 34.Qb7 Rd4 35.Qxb3 Qe7
36.Qc3 Qd6 37.b4 Rd3 38.Qa1 h5 39.Qa7 Rd2 40.Rc7 h4 41.Qc5 Qf4 42.Nf1 Rd6
43.b5 Kh6 44.b6 Rd1 45.b7 Qa4 46.Qe3+ g5 47.b8=Q Rxf1+ 48.Kxf1  1-0

[Event "Jch-RUS b20"]
[Site "Essentuki RUS"]
[Date "2003.03.12"]
[Round "10"]
[White "Kornilov,I"]
[Black "Rodchenkov,V"]
[Result "0-1"]
[WhiteElo "2371"]
[BlackElo "2417"]

1.e4 d5 2.exd5 Qxd5 3.Nc3 Qd6 4.d4 Nf6 5.Bc4 a6 6.Nge2 Qc6 7.Qd3 Qxg2 8.Rg1 Qxh2
9.Bf4 Qh3 10.Qd2 Qd7 11.O-O-O b5 12.Bb3 Nc6 13.Be5 Bb7 14.Nf4 Na5 15.Qe2 Nxb3+
16.axb3 O-O-O 17.d5 Qf5 18.Rg3 Nd7 19.Nd3 e6 20.dxe6 Nxe5 21.Qxe5 Qxe6 22.Qg5 f6
23.Nc5 Rxd1+ 24.Nxd1 fxg5 25.Nxe6 Bd6  0-1

[Event "Spring Festival GM"]
[Site "Bucharest ROM"]
[Date "2003.03.14"]
[Round "12"]
[White "Soltanici,R"]
[Black "Ardelean,G"]
[Result "1/2-1/2"]
[WhiteElo "2389"]
[BlackElo "2450"]

1.e4 d5 2.exd5 Qxd5 3.Nc3 Qd8 4.Bc4 Nf6 5.d4 c6 6.Nf3 Bf5 7.Ne5 e6 8.g4 Bg6
9.h4 Nbd7 10.Qe2 Bb4 11.Bd2 Nxe5 12.dxe5 Nd7 13.h5 Bxc2 14.Rc1 Bxc3 15.Bxc3 Ba4
16.b3 Bb5 17.Bxb5 cxb5 18.Rd1 Qc7 19.Rh3 Qc5 20.h6 gxh6 21.Bd4 Qb4+ 22.Bc3 Qc5
23.Bd4 Qb4+ 24.Kf1 Nb6 25.a3 Qe7 26.Qxb5+ Qd7 27.Qxd7+ Nxd7 28.Rc3 Rg8 29.f3 Rd8
30.Bxa7 Nxe5 31.Rxd8+ Kxd8 32.Bb6+ Kd7 33.Re3 Kc6 34.Bd4 Nd7 35.Rc3+ Kd6
36.Be3 Rg6 37.a4 e5 38.b4 f5 39.gxf5 Rf6 40.Ke2 h5 41.Rd3+ Kc7 42.Rc3+ Kd6
43.Rd3+ Kc7 44.Rc3+ Kb8 45.Rd3 Kc7  1/2-1/2

[Event "6th United Insurance"]
[Site "Dhaka BAN"]
[Date "2003.03.15"]
[Round "8"]
[White "Dzhumaev,M"]
[Black "Hossain,Enam"]
[Result "1/2-1/2"]
[WhiteElo "2507"]
[BlackElo "2451"]

1.e4 d5 2.exd5 Qxd5 3.Nc3 Qd6 4.d4 Nf6 5.Nf3 a6 6.Bc4 b5 7.Be2 Bb7 8.O-O Nbd7
9.Ng5 h6 10.Nh3 Nb6 11.Be3 g5 12.f3 Nfd5 13.Ne4 Qc6 14.Qd3 e6 15.c3 O-O-O
16.Nd2 Na4 17.c4 Nxe3 18.Qxe3 Bg7 19.cxb5 axb5 20.Nb3 Nxb2 21.Nf2 Nc4 22.Qc3 e5
23.d5 Rxd5 24.Rfc1 Rd6 25.a4 Qb6 26.axb5 Ne3 27.Nc5 Nd5 28.Qb2 f5 29.Nxb7 Qxb7
30.Qa3 Kd7 31.Rc6 Rd8 32.Qc5 Ke8 33.Raa6 Bf8 34.Qc1 Nf4 35.Bf1 Rxc6 36.Rxc6 Bd6
37.Qc2 Qa7 38.Qxf5 Qd4 39.g3 Bc5 40.Rxc5 Qxc5 41.gxf4 Rd5 42.Qe6+ Kd8 43.Bh3 gxf4
44.Qf6+ Qe7 45.Qc6 Qd6 46.Qa8+ Ke7 47.Qg8 Rxb5 48.Qg7+ Kd8 49.Qg8+ Ke7 50.Qg7+ Kd8
51.Bf5 Rb2 52.Nd3 Qd4+ 53.Kf1 Rb1+ 54.Ne1 Rxe1+ 55.Kxe1 Qe3+ 56.Kf1 Qxf3+
57.Kg1 Qe3+ 58.Kf1 Qf3+ 59.Kg1 Qe3+ 60.Kf1 Qf3+  1/2-1/2

[Event "Spring Festival GM"]
[Site "Bucharest ROM"]
[Date "2003.03.16"]
[Round "14"]
[White "Lupulescu,C"]
[Black "Ardelean,G"]
[Result "1/2-1/2"]
[WhiteElo "2496"]
[BlackElo "2450"]

1.e4 d5 2.exd5 Qxd5 3.Nc3 Qd8 4.d4 Nf6 5.Bc4 c6 6.Nf3 Bf5 7.Ne5 e6 8.g4 Bg6
9.h4 Nbd7 10.Qe2 Bb4 11.Bd2 Bxc3 12.Bxc3 Be4 13.Rh3 Bd5 14.Bd3 Nxe5 15.Qxe5 Qb8
16.Bb4 Qxe5+ 17.dxe5 Nxg4 18.Bd6 c5 19.Bb5+ Bc6 20.Bxc6+ bxc6 21.Rb3 Rd8
22.Rd1 c4 23.Rb4 h5 24.Rxc4 g5 25.Rxc6 gxh4 26.Ke2 Rg8 27.Rc7 Rd7 28.Rc8+ Rd8
29.Rxd8+ Kxd8 30.Bb8+ Ke7 31.Bxa7 Rc8 32.c3 Nxe5 33.Bd4 Nc4 34.b3 e5 35.bxc4 exd4
36.Rxd4 Ra8 37.Rxh4 Rxa2+ 38.Ke3 Rc2 39.Rxh5 Rxc3+ 40.Kd4 Rf3 41.Re5+ Kd6
42.c5+ Kc6 43.Re2 Rf5 44.Rc2 Rd5+ 45.Ke4 Rxc5 46.Rd2 Kc7 47.f4 f5+ 48.Kf3 Rc3+
49.Kg2 Kc6 50.Rd8 Ra3 51.Rf8 Kd6 52.Rxf5 Ke6 53.Re5+ Kf6 54.Kf2  1/2-1/2

[Event "TSGM March"]
[Site "Subotica YUG"]
[Date "2003.03.23"]
[Round "1"]
[White "Brkic,A"]
[Black "Benkovic,P"]
[Result "1/2-1/2"]
[WhiteElo "2402"]
[BlackElo "2469"]

1.e4 d5 2.exd5 Qxd5 3.Nc3 Qd6 4.d4 Nf6 5.Nf3 c6 6.g3 Bg4 7.Bg2 Nbd7 8.O-O e6
9.h3 Bh5 10.a3 Qc7 11.Ne2 Bg6 12.Nf4 Be7 13.Nxg6 hxg6 14.Qe2 O-O 15.c4 Rfe8
16.Bd2 Bd6 17.Rfe1 a5 18.Bc3 a4 19.Rad1 Bf8 20.Ne5 c5 21.Nxd7 Nxd7 22.Qf3 cxd4
23.Rxd4 Nc5 24.h4 Rad8 25.Rxd8 Rxd8 26.h5 Rd3 27.Qg4 gxh5 28.Qxh5 Qd8 29.Kh2 b6
30.Bf3 Be7 31.Kg2 Bf6 32.Rh1 Kf8 33.Bb4 g6 34.Bxc5+ bxc5 35.Qxc5+ Kg7 36.Qc6 Bxb2
37.Qxa4 Bxa3 38.Rd1 Rxd1 39.Qxd1 Qxd1 40.Bxd1 Bc5  1/2-1/2

[Event "TSGM March"]
[Site "Subotica YUG"]
[Date "2003.03.27"]
[Round "7"]
[White "Ivanovic,B"]
[Black "Benkovic,P"]
[Result "1/2-1/2"]
[WhiteElo "2501"]
[BlackElo "2469"]

1.e4 d5 2.exd5 Qxd5 3.Nc3 Qd6 4.Bc4 Nf6 5.Nf3 a6 6.O-O b5 7.Bb3 Bb7 8.d3 e6
9.Qe2 Be7 10.a4 b4 11.Ne4 Nxe4 12.dxe4 Nd7 13.Re1 Nc5 14.Nd2 O-O 15.f3 Bh4
16.Rf1 Qd4+ 17.Kh1 Qe5 18.Nc4 Qh5 19.g4 Qg6 20.Ne5 Qf6 21.Nd3 Qe7 22.Be3 Nd7
23.Rad1 Rad8 24.Rd2 Kh8 25.Bf4 Nb8 26.Be3 Nd7 27.Bf4 c5 28.Nf2 Nb6 29.a5 Nc8
30.Rfd1 Rxd2 31.Rxd2 Rd8 32.Rxd8+ Qxd8 33.Nd3 Qxa5 34.Ne5 Kg8 35.Qd3 Qd8
36.Qxd8+ Bxd8 37.Nd7 g5 38.Be3 c4 39.Bxc4 Nd6 40.Bb3 a5 41.Ne5 Kg7 42.Kg2 f5
43.exf5 exf5 44.Bc5 Bc7 45.h3 fxg4 46.hxg4 Nb5 47.Nd3 Kg6 48.Bc4 Bc6 49.Kf2 h5
50.gxh5+ Kxh5 51.Bf7+ Kh6  1/2-1/2

[Event "29th ch-BAN"]
[Site "Dhaka BAN"]
[Date "2003.03.28"]
[Round "1"]
[White "Hossain,Enam"]
[Black "Hossain,P"]
[Result "1-0"]
[WhiteElo "2451"]
[BlackElo "2217"]

1.e4 d5 2.exd5 Qxd5 3.Nc3 Qd6 4.d4 Nf6 5.Nf3 a6 6.g3 b5 7.Bg2 Bb7 8.O-O e6
9.Ne5 Bxg2 10.Kxg2 Nbd7 11.Qf3 Nb6 12.a4 b4 13.a5 Nbd5 14.Ne4 Nxe4 15.Qxf7+ Kd8
16.Qf3 Ke8 17.Qxe4 Rd8 18.Qf3 Nf6 19.Nc6 Rd7 20.Re1 Qd5 21.Qxd5 Rxd5 22.Bf4 Kd7
23.Nb8+ Kc8 24.Nxa6 Rxd4 25.Rxe6 Nd5 26.Re8+ Kb7 27.Nb8 Nxf4+ 28.gxf4 Rxf4
29.a6+ Ka7 30.Nc6+ Kb6 31.Rb8+  1-0

[Event "TSGM March"]
[Site "Subotica YUG"]
[Date "2003.03.30"]
[Round "10"]
[White "Sedlak,N"]
[Black "Benkovic,P"]
[Result "1/2-1/2"]
[WhiteElo "2506"]
[BlackElo "2469"]

1.e4 d5 2.exd5 Qxd5 3.Nc3 Qd6 4.d4 Nf6 5.Nf3 a6 6.g3 Bg4 7.Bg2 Nc6 8.O-O O-O-O
9.d5 Nb4 10.h3 Bh5 11.Bf4 Qc5 12.Be3 Qd6 13.Qd4 Nxc2 14.Qa7 Nxe3 15.Na4 Bxf3
16.Bxf3 Nc4 17.Nc5 Qxc5 18.Qxc5 Nd2 19.Bg2 Nde4 20.Qa7 Nd6 21.h4 Nfe8 22.Rfc1 g6
23.Bf1 Bg7 24.Re1 Rd7 25.Qe3 Kd8 26.Qa7  1/2-1/2

[Event "OSS IM"]
[Site "Oslo NOR"]
[Date "2003.04.05"]
[Round "4"]
[White "Karlsen,T"]
[Black "Hjelm,N"]
[Result "0-1"]
[WhiteElo "2099"]
[BlackElo "2323"]

1.e4 d5 2.exd5 Qxd5 3.Nc3 Qd6 4.d4 c6 5.Bc4 Nf6 6.Nge2 Bf5 7.Bb3 e6 8.Bf4 Qd8
9.Ng3 Bg6 10.h4 h6 11.h5 Bh7 12.Qe2 Bd6 13.Be5 O-O 14.O-O-O a5 15.Rh3 b5
16.a4 bxa4 17.Bxa4 Be7 18.Nge4 Kh8 19.Nc5 Rg8 20.Kb1 Qc8 21.N3e4 Nxe4 22.Nxe4 Nd7
23.Bd6 Bxd6 24.Nxd6 Qf8 25.Nc4 Rb8 26.Bxc6 Nf6 27.Ne5 Qe7 28.f3 Rgc8 29.Be4 Nd5
30.Bxh7 Nc3+  0-1

[Event "6th St Quentin Open"]
[Site "Elancourt FRA"]
[Date "2003.04.17"]
[Round "7"]
[White "Apicella,M"]
[Black "Appleberry,M"]
[Result "1-0"]
[WhiteElo "2501"]
[BlackElo "2268"]

1.e4 d5 2.exd5 Qxd5 3.Nc3 Qd8 4.d4 Nf6 5.Bc4 a6 6.a4 Nc6 7.d5 Nb4 8.Bg5 Bf5
9.Bb3 c6 10.dxc6 Qxd1+ 11.Rxd1 bxc6 12.Rd2 e6 13.Nge2 Be7 14.f3 h6 15.Be3 Nfd5
16.Nxd5 cxd5 17.Nd4 Bh7 18.f4 Rc8 19.Ke2 Nc6 20.Nxc6 Rxc6 21.a5 O-O 22.Ra1 Rb8
23.Ba4 Rc4 24.c3 Bc5 25.Bxc5 Rxc5 26.Bd1 Rbb5 27.Ra3 Be4 28.Ke3 Rxa5 29.Ba4 Rc4
30.b4 Rxa4 31.Rxa4 Rxc3+ 32.Kd4 Rc6 33.Rda2 Bf5 34.g3 f6 35.Ke3 Rc3+ 36.Kd2 Rb3
37.R2a3 Rb2+ 38.Kc3 Rc2+ 39.Kb3 Rxh2 40.Rxa6 d4 41.Rd6 Rg2 42.b5 Rxg3+ 43.Kb4 Rxa3
44.Kxa3 e5 45.fxe5 fxe5 46.Rd5 Be4 47.Rxe5 Bf3 48.Kb4 g5 49.Kc4 g4 50.Kxd4 g3
51.Ke3  1-0

[Event "Commonwealth Ch"]
[Site "Mumbai IND"]
[Date "2003.04.20"]
[Round "1"]
[White "Negi,P"]
[Black "Suvrajit,S"]
[Result "1/2-1/2"]
[WhiteElo "2117"]
[BlackElo "2391"]

1.e4 d5 2.exd5 Qxd5 3.Nc3 Qd6 4.d4 a6 5.Nf3 Nf6 6.Be2 Nc6 7.a3 Bf5 8.h3 O-O-O
9.Be3 e5 10.dxe5 Nxe5 11.Qxd6 Nxf3+ 12.Bxf3 Bxd6 13.O-O-O h6 14.Rhe1 Rhe8
15.Kb1 Be5 16.Nd5 Rd6 17.Bc5 Rde6 18.Nxf6 Bxf6 19.Rxe6 Rxe6 20.Bd4 Bxd4 21.Rxd4 Re1+
22.Rd1 Rxd1+ 23.Bxd1 Be4 24.g3 Kd7 25.Kc1 g5 26.Kd2 Ke6 27.Ke3 Bg2 28.Bf3 Bxf3
29.Kxf3 Kf5 30.Ke3 Ke5 31.Kd3 h5 32.Ke3 f6 33.f4+ Kd5 34.Kd3 b5 35.b3 c5
36.c4+  1/2-1/2

[Event "I Regina Prol"]
[Site "Santos BRA"]
[Date "2003.04.25"]
[Round "5"]
[White "Crosa,M"]
[Black "Cubas,Jo"]
[Result "0-1"]
[WhiteElo "2425"]
[BlackElo "2424"]

1.e4 d5 2.exd5 Qxd5 3.Nc3 Qd6 4.Bc4 Nf6 5.Nf3 a6 6.Qe2 Nc6 7.Ne4 Nxe4 8.Qxe4 g6
9.d3 Bg7 10.O-O Bf5 11.Qh4 h6 12.Bf4 e5 13.Rfe1 Kd7 14.Be3 Raf8 15.Nd2 Kc8
16.Ne4 Bxe4 17.dxe4 f5 18.Rad1 Qb4 19.Bd5 Rf6 20.Bc1 Kb8 21.c3 Qb6 22.b4 f4
23.Qg4 Rd8 24.Bc4 Rfd6 25.Rxd6 Rxd6 26.Rd1 Ne7 27.Rxd6 Qxd6 28.Qe2 Bf6 29.Kf1 b5
30.Bb3 c5 31.bxc5 Qxc5 32.Qd3 Nc6 33.Bd2 Kc7 34.Qh3 a5 35.Ke1 Bg5 36.Qe6 f3
37.Qf7+ Kb8 38.Qxf3 Bxd2+ 39.Kxd2 b4 40.cxb4 axb4 41.Bd5 Nd4 42.Qd3 g5 43.Qc4 Qa5
44.Kc1 b3 45.axb3 Qe1+ 46.Kb2 Qxf2+ 47.Kb1 Qg1+ 48.Kb2 Qxg2+ 49.Ka3 Qd2 50.Qc5 Nc2+
51.Ka4 Qd4+ 52.Kb5 Qxc5+ 53.Kxc5 Kc7 54.Bc4 Ne3 55.b4 g4 56.b5 h5 57.b6+ Kb7
58.Be6 h4 59.Kd6 h3 60.Kxe5 g3 61.hxg3 h2  0-1

[Event "FSIMB May"]
[Site "Budapest HUN"]
[Date "2003.05.10"]
[Round "8"]
[White "Farago,S"]
[Black "Schnelzer,R"]
[Result "0-1"]
[WhiteElo "2342"]
[BlackElo "2271"]

1.e4 d5 2.exd5 Qxd5 3.Nc3 Qd8 4.Bc4 g6 5.Qf3 Nf6 6.Nge2 Bg7 7.d4 O-O 8.Bf4 c6
9.h3 Nbd7 10.O-O-O Nb6 11.Bb3 Nbd5 12.Be5 Be6 13.Na4 Bh6+ 14.Kb1 Nd7 15.Nc5 Nxc5
16.dxc5 Qa5 17.Nd4 Qxc5 18.Nxe6 fxe6 19.Qg4 Qxf2 20.Qxe6+ Qf7 21.Qg4 Rad8
22.Rd3 Qf5 23.Qd4 e6 24.Rf3 Qg5 25.Rxf8+ Rxf8 26.g4 b5 27.c4 bxc4 28.Bxc4 Qe3
29.h4 Bf4 30.Qxe3 Bxe3 31.h5 gxh5 32.Rxh5 h6 33.a3 Rf2 34.Rh3 Bf4 35.Bd4 Rg2
36.Bxa7 Rxg4 37.Ba6 Be5 38.Bc8 Rg6 39.Bd7 Nf4 40.Rb3 h5 41.Bxc6 h4 42.Re3 Rg5
43.a4 h3 44.Re1 h2 45.Rh1 Nd5 46.Bd7 Kf7 47.Bd4 Bxd4 48.Rxh2 Ke7 49.Bb5 Rf5
50.Rd2 e5 51.a5 Rf2 52.Rxf2 Bxf2 53.Kc2 Kd6 54.Kd3 Nf6 55.Ba6 Be1 56.Bb7 Bxa5
57.b3 Kc5 58.Bf3 Kb4 59.Bc6 Kxb3 60.Bb7 Kb4 61.Bf3 Kc5 62.Bh1 Kd6 63.Bg2 Bb6
64.Bb7 Bg1 65.Bg2 Nd7 66.Ke4 Bh2 67.Kf5 Nc5 68.Bh1 Kc7 69.Bd5 Kb6 70.Kg4 Kb5
71.Kf3 Kb4 72.Ke3 Kc3 73.Bc6 Bf4+ 74.Kf3 Kd4 75.Ba8 Bh6 76.Bc6 Nd3 77.Bb7 Nb4
78.Be4 Nd3 79.Bh7 Nc5 80.Bg6 e4+ 81.Ke2 e3 82.Bh5 Ke4 83.Bf7 Bg5 84.Bg6+ Kf4
85.Bh5 Bd8 86.Bf7 Bb6 87.Bc4 Ne4 88.Ba6 Nf2 89.Kf1 Kg3 90.Be2 Nh3 91.Bh5 Nf4
92.Bd1 Ba5 93.Kg1 Be1 94.Kh1 Kf2 95.Bg4 Ba5 96.Kh2 Bc7 97.Kh1 Ng6 98.Bh5 Ne5
99.Bd1 Nf3  0-1

[Event "67th ch-BUL"]
[Site "Sofia BUL"]
[Date "2003.05.14"]
[Round "8"]
[White "Petrov,Marij"]
[Black "Panbukchian,V"]
[Result "1-0"]
[WhiteElo "2490"]
[BlackElo "2325"]

1.e4 d5 2.exd5 Qxd5 3.Nc3 Qd6 4.d4 Nf6 5.Bc4 a6 6.Nge2 Qc6 7.Qd3 Qxg2 8.Rg1 Qh3
9.Be3 Nc6 10.O-O-O b5 11.Bb3 Qf5 12.Qd2 Na5 13.Ng3 Nxb3+ 14.axb3 Qd7 15.Nce4 Nxe4
16.Nxe4 e6 17.Qe2 Bb7 18.Bh6 Qd5 19.f3 Qh5 20.Bg5 Be7 21.Bf4 O-O-O 22.Rxg7 Rhg8
23.Rxg8 Rxg8 24.Qe3 Rg2 25.Qc3 Bd8 26.Nd6+ Kb8 27.Ne8 Qxf3 28.Bxc7+ Ka8 29.Bxd8 Qxc3
30.bxc3 Rg8 31.Nc7+ Kb8 32.Rf1 Rxd8 33.Rxf7 Rg8 34.Nxe6 Rg2 35.Nc5 Bc8 36.d5  1-0

[Event "67th ch-BUL"]
[Site "Sofia BUL"]
[Date "2003.05.17"]
[Round "11"]
[White "Georgiev,Kr"]
[Black "Panbukchian,V"]
[Result "1-0"]
[WhiteElo "2516"]
[BlackElo "2325"]

1.e4 d5 2.exd5 Qxd5 3.Nc3 Qd6 4.d4 Nf6 5.Bc4 Bg4 6.f3 Bf5 7.Nge2 Nc6 8.Bf4 Qb4
9.Bb5 O-O-O 10.a3 Qa5 11.Bxc6 bxc6 12.O-O e6 13.Kh1 h6 14.Qd2 Be7 15.Rfd1 Bh7
16.Be5 Rhg8 17.Nc1 Nd7 18.Nb3 Qa6 19.Bg3 g5 20.Re1 Nf6 21.Re5 Nd5 22.Ne4 Bd6
23.Nbc5 Qb6 24.b4 f5 25.Nxd6+ cxd6 26.Rxe6 f4 27.Ne4 Bxe4 28.fxe4 Nc7 29.Bf2 Nxe6
30.d5 Qb5 31.dxe6 Rge8 32.c4 Qb7 33.b5 Rxe6 34.bxc6 Qxc6 35.Bxa7  1-0

[Event "Bosnia GM"]
[Site "Sarajevo BIH"]
[Date "2003.05.21"]
[Round "4"]
[White "Damljanovic,B"]
[Black "Kurajica,B"]
[Result "0-1"]
[WhiteElo "2587"]
[BlackElo "2551"]

1.e4 d5 2.exd5 Qxd5 3.Nc3 Qd6 4.d4 Nf6 5.Nf3 a6 6.Be2 Nbd7 7.O-O e6 8.Re1 Be7
9.Bg5 O-O 10.Bd3 b5 11.a4 b4 12.Ne4 Nxe4 13.Bxe4 Rb8 14.Qd3 h6 15.Bxe7 Qxe7
16.a5 Nf6 17.Bc6 Qd6 18.Qc4 Bb7 19.Ne5 Bxc6 20.Nxc6 Rb5 21.Re3 Nd5 22.Rb3 Ne7
23.Nxb4 Rfb8 24.Nd3 Rxb3 25.cxb3 Nf5 26.b4 Nxd4 27.Nc5 Nb5 28.h3 Ra8 29.Qe4 Rb8
30.Rc1 e5 31.Re1 f6 32.Qc4+ Kh8 33.Re3 Ra8 34.Qe4 Rb8 35.Rg3 Nd4 36.Kh2 f5
37.Qd3 Rxb4  0-1

[Event "TCh-RUS"]
[Site "Togliatti RUS"]
[Date "2003.05.22"]
[Round "7"]
[White "Dolmatov,S"]
[Black "Hasangatin,R"]
[Result "1/2-1/2"]
[WhiteElo "2606"]
[BlackElo "2517"]

1.e4 d5 2.exd5 Qxd5 3.Nc3 Qd6 4.d4 Nf6 5.Nf3 a6 6.Be3 b5 7.Bd3 Bb7 8.Qe2 g6
9.O-O-O Bg7 10.Kb1 Nbd7 11.Rhe1 O-O 12.Ng5 Nd5 13.Nxd5 Bxd5 14.f3 Rad8 15.Ne4 Qc6
16.Nc3 Nf6 17.Bf4 Be6 18.Be5 Nd5 19.Nxd5 Qxd5 20.b3 Bxe5 21.dxe5 Qc5 22.f4 Rd4
23.Be4 Rfd8 24.Rxd4  1/2-1/2